000 01255naa a22003617a 4500
001 BR8700565
003 BR-BrBNA
005 20240918175737.0
007 ta
008 230509b bl.||||| |||| 00| 0 por d
040 _aBR-BrBNA
_bpor
_cBiblioteca Nacional de Agricultura
041 _a(Pt)
072 _aF04
_b2120
_b3810
_b3820
_b3830
090 _aF04 BR8700565
100 1 _aMatiello, J.B.
100 1 _aGarcia, A.W.R.
100 1 _aMartins, M.
100 1 _aSantinato, R.
100 1 _aOliveira, J.A.
100 1 _aPinheiro, M.R.
111 1 _a10. Congresso Brasileiro de Pesquisas Cafeeiras
_cPocos de Caldas, MG (Brazil)
_d29 Aug 1983
245 1 _aNiveis de adubacao NPK em cafeeiros Mundo Novo e catuai, com 1 e 2 mudas por cova
260 3 _aRio de Janeiro, RJ (Brasil):
_c1983.
500 _aAnais do 10. Congresso Brasileiro de Pesquisas Cafeeiras Rio de Janeiro, RJ (Brasil): 1983. p. 333-335 (BR8700565-AM)F04
650 _aCAFE
650 _aNPK
650 _aFERTILIZANTE
650 _aADUBACAO
650 _aMUDA
773 0 _tAnais do 10. Congresso Brasileiro de Pesquisas Cafeeiras
_wF04 BR8700565
_gRio de Janeiro, RJ (Brasil), 1983. p. 333-335
909 _a202404
_bLucia
_c55
_dLucia Elande
942 _cAM
_2AGRIS
999 _c318007
_d318007